Country Names in Thai - Statistics

General Stats
  • This quiz has been taken 755 times
  • The average score is 23 of 30
Answer Stats
Thai Name Romanized Thai Name English Name % Correct
สหรัฐอเมริกา Saha Rat Amerika United States
98%
จีน Chin China
94%
ญี่ปุ่น Yipun Japan
92%
อิตาลี Itali Italy
90%
อาร์เจนตินา Achentina Argentina
88%
ปากีสถาน Pakisathan Pakistan
87%
รัสเซีย Ratsia Russia
86%
แคนาดา Khaenada Canada
85%
มาเลเซีย Malesia Malaysia
85%
แอฟริกาใต้ Apfrika Tai South Africa
85%
เดนมาร์ก Denmak Denmark
82%
โปแลนด์ Polaen Poland
82%
เวียดนาม Wiatnam Vietnam
82%
ฟิลิปปินส์ Filippin Philippines
80%
ตุรกี Turaki Turkey
78%
สหราชอาณาจักร Saha Ratcha-anachak United Kingdom
78%
เนเธอร์แลนด์ Nethoelaen Netherlands
77%
ฝรั่งเศส Farangset France
74%
เยอรมนี Yoeramani Germany
72%
อิสราเอล Itsaraen Israel
72%
เกาหลีใต้ Kaoli Tai South Korea
72%
ไนจีเรีย Naichiria Nigeria
70%
เวเนซุเอลา Wenesu-ela Venezuela
70%
กรีซ Grit Greece
68%
อียิปต์ Iyip Egypt
66%
นิวซีแลนด์ Niosilaen New Zealand
66%
สาธารณรัฐเช็ก Satharanarat Chek Czech Republic
62%
กาตาร์ Kata Qatar
62%
โปรตุเกส Protuket Portugal
58%
นครรัฐวาติกัน Nakhon Rat Watikan Vatican City
56%
No matching quizzes found
Score Distribution
Percent of People with Each Score
Percentile by Number Answered
Your Score History
You have not taken this quiz